Lebensmittel mit "B" - Statistiken

Allgemein
  • Dieses Quiz wurde 415 mal gespielt
  • Das Durchschnittsergebnis liegt bei 22 aus 84
Antwortstatistiken
Lebensmittel % Korrekt
Banane
94%
Brot
88%
Birne
76%
Bier
74%
Butter
71%
Blaubeere
63%
Brötchen
60%
Bohne
58%
Brokkoli
56%
Brei
53%
Brombeere
52%
Beere
49%
Bratwurst
48%
Blumenkohl
47%
Bananenbrot
45%
Brezel
41%
Bandnudel
38%
Blutwurst
37%
Bockwurst
36%
Bolognese
33%
Basilikum
32%
Backfisch
31%
Bratkartoffeln
31%
Buttermilch
31%
Baguette
29%
Blaukraut
29%
Brie
29%
Basmati
28%
Bitter Lemon
28%
Berliner
27%
Brathering
27%
Bonbon
26%
Brathähnchen/ Broiler
26%
Butterkeks
26%
Backpulver
24%
Bierschinken
24%
Bärlauch
23%
Bauernfrühstück
22%
Blattspinat
22%
Bratapfel
22%
Brühe
22%
Baumkuchen
21%
Burger
20%
Butterschmalz
20%
Bienenstich
19%
Blauschimmelkäse
19%
Bohnenkraut
19%
Brause
19%
Bagel
18%
Blattsalat
18%
Bohneneintopf
18%
Baiser
17%
Bienenhonig
17%
Bruschetta
17%
Buchweizen
17%
Bachforelle
16%
Balsamico
16%
Blätterteig
15%
Butterkäse
15%
Biskuit
14%
Blutorange
14%
Brühwürfel
14%
Béchamel
13%
Bambussprossen
12%
Beefsteak
12%
Bamigoreng
9%
Brotaufstrich
8%
Bourbon
6%
Brandy
6%
Buchtel
6%
Bacon
5%
Baldrian
5%
Borschtsch
5%
Bouillon
5%
Bowle
5%
Brunnenkresse
5%
Boulette
4%
Branntwein
4%
Blockschokolade
3%
Bohnenkaffee
2%
Bergamotte
1%
Bloody Mary
1%
Brühnudeln
1%
Buchstabensuppe
1%
Keine übereinstimmenden Quizze gefunden
Verteilung der Resultate
Anzahl Personen mit jedem Resultat
Perzentil nach korrekt beantworteten Fragen
Ihre Resultats-Entwicklung
Sie haben dieses Quiz noch nicht gespielt